Mangana kayile vunnigalu mattu hatoti. (Record no. 91576)
[ view plain ]
| 000 -LEADER | |
|---|---|
| fixed length control field | 01188nam a2200205Ia 4500 |
| 003 - CONTROL NUMBER IDENTIFIER | |
| control field | OSt |
| 005 - DATE AND TIME OF LATEST TRANSACTION | |
| control field | 20260427100621.0 |
| 008 - FIXED-LENGTH DATA ELEMENTS--GENERAL INFORMATION | |
| fixed length control field | 210210b1984 xxu||||| |||| 00| 0 eng d |
| 040 ## - CATALOGING SOURCE | |
| Transcribing agency | AL |
| 041 ## - LANGUAGE CODE | |
| Language code of text/sound track or separate title | Kannada |
| 082 ## - DEWEY DECIMAL CLASSIFICATION NUMBER | |
| Classification number | 616.0194K BHAM |
| 100 ## - MAIN ENTRY--PERSONAL NAME | |
| Personal name | BHATTA (Ha Ra). |
| Dates associated with a name | ಹ.ರಾ. ಭಟ್ಟ |
| 9 (RLIN) | 262796 |
| 245 ## - TITLE STATEMENT | |
| Title | Mangana kayile vunnigalu mattu hatoti. |
| Remainder of title | ಮಂಗನ ಕೈಲಿ ವುಣ್ಣಿಗಳು |
| 260 ## - PUBLICATION, DISTRIBUTION, ETC. | |
| Place of publication, distribution, etc. | Mundaje. |
| Name of publisher, distributor, etc. | Sadashaya Prakashana, |
| Date of publication, distribution, etc. | 1984 |
| 300 ## - PHYSICAL DESCRIPTION | |
| Extent | 28 |
| 520 ## - SUMMARY, ETC. | |
| Summary, etc. | "ಮಂಗನ ಕೈಲಿ ವುಣ್ಣಿಗಳು" ಎಂಬುದು ಹ.ರಾ. ಭಟ್ಟ (ಹಿರಿಯಂಗಡಿ ರಾಮಕೃಷ್ಣ ಭಟ್ಟ) ಅವರ ಒಂದು ಪ್ರಸಿದ್ಧ ಲೇಖನ ಅಥವಾ ಪ್ರಬಂಧವಾಗಿದೆ. ಇದು ಮುಖ್ಯವಾಗಿ ಕೃಷಿಯಲ್ಲಿ ಮಂಗಗಳ ಹಾವಳಿ (Monkey Menace) ಮತ್ತು ಅವುಗಳ ಹತೋಟಿ (Control Measures) ಕುರಿತಾದ ಶಾಸ್ತ್ರೀಯ ಮತ್ತು ಪ್ರಾಯೋಗಿಕ ಮಾಹಿತಿಯನ್ನು ಒಳಗೊಂಡಿದೆ |
| 690 ## - LOCAL SUBJECT ADDED ENTRY--TOPICAL TERM (OCLC, RLIN) | |
| Topical term or geographic name as entry element | Diseases |
| 9 (RLIN) | 262797 |
| 906 ## - LOCAL DATA ELEMENT F, LDF (RLIN) | |
| a | 041532 |
| 942 ## - ADDED ENTRY ELEMENTS (KOHA) | |
| Source of classification or shelving scheme | Dewey Decimal Classification |
| Koha item type | Book |
| Withdrawn status | Lost status | Source of classification or shelving scheme | Damaged status | Not for loan | Collection code | Home library | Current library | Shelving location | Date acquired | Cost, normal purchase price | Total Checkouts | Full call number | Barcode | Date last seen | Price effective from | Koha item type |
|---|---|---|---|---|---|---|---|---|---|---|---|---|---|---|---|---|
| Dewey Decimal Classification | Zoology | St Aloysius Library | St Aloysius Library | 02/17/2021 | 0.00 | 616.0194K BHAM | 041532 | 02/17/2021 | 02/17/2021 | Book |